Historical figures by picture - G - Statistics

General Stats
  • This quiz has been taken 665 times
  • The average score is 10 of 20
Answer Stats
Picture Hint Answer % Correct
1869-1948 Gandhi
98%
1931-2022 Gorbachev
89%
1928-1967 Guevara
83%
1162-1227 Genghis Khan
81%
1934-1968 Gagarin
66%
1897-1945 Goebbels
61%
1829-1909 Geronimo
60%
1822-1885 Grant
58%
1895-1952 George VI
57%
1933-2020 Ginsburg
55%
1893-1946 Göring
52%
1922-1969 Garland
45%
1939-1984 Gaye
42%
1564-1642 Galilei
41%
Ca. 540-604 Gregory the great
25%
1807-1882 Garibaldi
22%
1914-2000 Guinness
20%
Ca. 1400-1468 Gutenberg
19%
1848-1903 Gauguin
15%
1809-1898 Gladstone
8%
No matching quizzes found
Score Distribution
Percent of People with Each Score
Percentile by Number Answered
Your Score History
You have not taken this quiz